000 00571cam a2200145 4500500
005 20251228072921.0
041 _afre
042 _adc
100 1 0 _aIon, Cristina
_eauthor
245 0 0 _aFlorin ŸURCANU, Mircea Eliade. Le prisonnier de l’histoire, préface de Jacques Julliard, Paris, La Découverte, coll. « L’Espace de l’histoire », 2003, 540 p.
260 _c2005.
500 _a57
786 0 _nCités | 24 | 4 | 2005-12-01 | p. 169b-185b | 1299-5495
856 4 1 _uhttps://shs.cairn.info/revue-cites-2005-4-page-169b?lang=fr&redirect-ssocas=7080
999 _c1594449
_d1594449